| 000 | 00751nam a2200289 a 4500 | ||
|---|---|---|---|
| 001 | 31353 | ||
| 003 | AR-BaAGN | ||
| 005 | 20231223063315.0 | ||
| 007 | ta | ||
| 008 | 220625s1904 sp |||||r|||| ||||||spa d | ||
| 040 |
_dAR-BaAGN _aAR-BaAGN _bspa _eaacr |
||
| 100 | 1 |
_aUgarte, Manuel, _d1875-1951 _94975 |
|
| 245 | 1 | 0 | _aMujeres de París |
| 250 | _a1ª ed. | ||
| 260 |
_aBarcelona : _bA. López, _c1904. |
||
| 300 | _a140 páginas | ||
| 336 |
_2rdacontent _btxt |
||
| 337 |
_2rdamedia _bn |
||
| 338 |
_2rdacarrier _bnc |
||
| 490 | 0 |
_aColección Diamante ; _v93 |
|
| 600 | 1 | 4 |
_aUgarte, Manuel, _d1875-1951 _94975 |
| 650 | 4 |
_aLITERATURA _91464 |
|
| 651 | 4 |
_aFrancia _93656 |
|
| 651 | 4 |
_aParís (Francia) _94059 |
|
| 942 | _cLIBRO | ||
| 999 |
_c31353 _d31353 |
||